Responses for Show #3427 - Tuesday, June 29, 1999

Armed Forces Week game 2.

Contestants

[<< previous game]

Bill Wellman, a Marine Corps intelligence chief originally from Plattsburgh, New York, now stationed at San Diego, California

Karen Smith, an Air Force air traffic controller originally from El Paso, Texas, now stationed at Aviano, Italy

Charles Hurst, a Navy Supply Corps officer originally from Henagar, Alabama, now stationed at Keflavik, Iceland

[next game >>]

Jeopardy! Round responses

THE KOREAN WAR
MIDDLE NAMES
EUROPEAN MUSEUMS
COUNTRY TWOSOMES
MILITARY WIVES
ARMED FORCES RHYME TIME
    $100 2
(Karen: Who is Patton?)

Douglas MacArthur

KarenBill
    $100 6
John Lennon

Karen
    $100 18
the Louvre

Karen
    $100 1
The Judds

Bill
    $100 14
Linda Tripp

Karen
    $100 10
(Karen: What is a...)

large sarge

CharlesKaren
    $200 3
Seoul

Bill
    $200 7
Christian

Charles
    $200 25
(Karen: What is Amsterdam?)

Copenhagen

KarenBill
    $200 11
Dolly Parton

Bill
    $200 15
Mamie Eisenhower

Bill
    $200 12
Lee's fees

Karen
    $300 4
Joseph Stalin

Charles
    $300 8
Percy Shelley

Bill
    $300 26
Geneva

Karen
    $300 22
Roy Orbison

Charles
    $300 20
(Bill: Who is Sadat?)

Leah Rabin

KarenBill
    $300 13
tank crank

Bill
    $400 5
DMZ (Demilitarized Zone)

Karen
    $400 16
Sir Edmund Hillary

Bill
    $400 27
(Bill: Who is Nefertiri?)
(Karen: Who is Cleopatra?)

Nefertiti

KarenBill
Triple Stumper
    $400 23
Sting

Charles
    $400 21
Veterans Affairs

Charles
    $400 19
drill thrill

Triple Stumper
    $500 9
Inchon

Karen
    $1,000 17
Brutus

Bill
    $500 29
[The end-of-round signal sounds.]
...
[The camera now shows Alex dressed in a military uniform.]

Wolfgang Amadeus Mozart

Karen
    $500 24
(Alex: We have a minute to go.)

Faith Hill & Tim McGraw

Charles
    $500 28
Jessica Lange

Karen

Scores at the first commercial break (after clue 15):

Charles Karen Bill
$600 $1,100 $1,400

Scores at the end of the Jeopardy! Round:

Charles Karen Bill
$2,200 $2,200 $2,300

Double Jeopardy! Round responses

SPACE EXPLORATION
CELEBRITY TRIVIA
THE 1980s
OFFICIAL LANGUAGES
(Alex: We give the country, you name the language.)
ON THE SPIT
POLISH
(Alex: Not polish.)
    $200 21
China

Charles
    $200 6
Marilyn Monroe

Bill
    $200 1
(Bill: What are Jelly Bellys?)

jelly beans

Bill
    $200 25
Spanish

Bill
    $200 16
corn

Charles
    $200 11
(Bill: Who is John Paul?)
(Alex: Which one?)
(Bill: John Paul II.)

Pope John Paul II

Bill
    $400 22
the Eagle

Charles
    $400 7
Janet Leigh

Charles
    $400 2
Tito

Bill
    $400 29
Arabic

Bill
    $400 17
barbecue sauces

Charles
    $400 12
the Renaissance

Bill
    $600 23
Columbia

Charles
    $600 8
Raging Bull

Bill
    $600 3
the Golan Heights

Bill
    $1,300 28
Portuguese

Bill
    $600 18
shrimp

Bill
    $600 13
(Bill: What is National Security Affairs Adviser?)

National Security Adviser

Bill
    $800 24
the Hubble Space Telescope

Bill
    $800 9
Wesley Snipes

Karen
    $800 4
famine in Africa

Karen
    $800 27
(Karen: What is French?)
(Charles: What is Portuguese?)
(Bill: What is Spanish?)

English

CharlesKarenBill
Triple Stumper
    $800 19
skewer

Charles
    $800 14
anthropology

Triple Stumper
    $1000 30
(Karen: What is Mars?)

Venus

CharlesKaren
    $1000 10
William Howard Taft

Bill
    $1,500 5
(Karen: What is USA III?)

Stars & Stripes

Karen
    $1000 26
(Alex: Less than a minute to go.)

Dutch

Bill
    $1000 20
mesquite

Charles
    $1000 15
Thaddeus Kosciusko

Triple Stumper

Scores at the end of the Double Jeopardy! Round:

Charles Karen Bill
$6,400 $500 $10,000

[wagering suggestions for these scores]

Final Jeopardy! Round responses

U.S. CITIES
(Alex: Our auto capital, & Turin, Italy is an auto capital.)
KarenWhat is Detroit?
$100
CharlesWhat is Detroit, MI
$5,399
BillWhat is Detroit
$2,800
Detroit

Final scores:

Charles Karen Bill
$11,799 $600 $12,800
2nd place: Intel Create & Share Camera Pack & Micron Millennium Max Computer 3rd place: Panasonic 13" Color TV & VCR combo & LCD Palmcorder Winner: $12,800; week's big winner has total doubled

Game dynamics:

Coryat scores:

Charles Karen Bill
$6,400 $2,000 $8,800
16 R,
1 W
12 R,
7 W
(including 1 DD)
25 R
(including 2 DDs),
3 W

Combined Coryat: $17,200

[game clues] [game scores] [suggest correction]

Game tape date: Unknown
The J! Archive is created by fans, for fans. Scraping, republication, monetization, and malicious use prohibited; this site may use cookies and collect identifying information. See terms. The Jeopardy! game show and all elements thereof, including but not limited to copyright and trademark thereto, are the property of Jeopardy Productions, Inc. and are protected under law. This website is not affiliated with, sponsored by, or operated by Jeopardy Productions, Inc. Join the discussion at JBoard.tv.